Podnikateľská štruktúra vybranej hotelovej spoločnosti

História hotelových spoločností. Hotelové spoločnosti a sieťové podnikanie. Výhody a nevýhody členstva hotelov v hotelových spoločnostiach. Podnikateľská štruktúra hotelovej spoločnosti.

Guardado en:
Detalles Bibliográficos
Autor principal: Ištok, Michal
Otros Autores: Ščerba, Kamil
Formato: Capítulo de libro
Lenguaje:eslovaco
Materias:
Etiquetas: Agregar Etiqueta
Sin Etiquetas, Sea el primero en etiquetar este registro!

MARC

LEADER 00000naa a2200000 4500
001 0238822
005 20220805075443.7
041 0 |a slo 
044 |a SK 
245 1 0 |a Podnikateľská štruktúra vybranej hotelovej spoločnosti  |c Michal Ištok, Kamil Ščerba 
520 |a História hotelových spoločností. Hotelové spoločnosti a sieťové podnikanie. Výhody a nevýhody členstva hotelov v hotelových spoločnostiach. Podnikateľská štruktúra hotelovej spoločnosti. 
610 2 0 |a hotely 
610 2 0 |a ruch cestovný 
610 2 0 |a história 
610 2 0 |a štruktúra organizačná 
610 2 0 |a prostredie podnikateľské 
100 1 |a Ištok, Michal 
700 1 |a Ščerba, Kamil